Χρήστος Μηλιόνης και άλλα διηγήματα
Αποθηκεύτηκε σε:
| Κύριος συγγραφέας: | |
|---|---|
| Μορφή: | Βιβλίο |
| Γλώσσα: | Greek |
| Δημοσίευση: |
Αθήναις :
Ελευθερουδάκης,
1930.
|
| Σειρά: | Γράμματα - Επιστήμαι - Τέχναι (Ελευθερουδάκης)
|
| Θέματα: | |
| Ετικέτες: |
Προσθήκη ετικέτας
Δεν υπάρχουν, Καταχωρήστε ετικέτα πρώτοι!
|
MARC
| LEADER | 00000cam a2200000 a 4500 | ||
|---|---|---|---|
| 001 | 1/116968 | ||
| 008 | 180705s1930####gr | ||| |||| ||gre|| | ||
| 040 | |a GR-MyUa |b gre |c GR-MyUa |e AACR2 | ||
| 041 | 0 | |a gre | |
| 082 | 7 | |a 889.3 |2 (23) | |
| 100 | 1 | |a Παπαδιαμάντης, Αλέξανδρος, |d 1851-1911. | |
| 245 | 1 | 0 | |a Χρήστος Μηλιόνης και άλλα διηγήματα / |c Αλέξανδρου Παπαδιαμάντη ; κριτικό σημείωμα Γρ. Ξενόπουλου. |
| 260 | |a Αθήναις : |b Ελευθερουδάκης, |c 1930. | ||
| 300 | |a 172 σ. ; |c 17 εκ. | ||
| 490 | 1 | |a (Γράμματα - Επιστήμαι - Τέχναι / Ελευθερουδάκης ; |v 38) | |
| 650 | 0 | |a Short stories, Greek (Modern) | |
| 830 | 0 | |a Γράμματα - Επιστήμαι - Τέχναι (Ελευθερουδάκης) | |
| 852 | |a INST |b SYROS |e 20180705 |h 889.3 ΠΑΠ |p 005500013447 |q 005500013447 |t BK |y 0 | ||
| 970 | |a Κοντού |b Παρασκευή |z 05/07/2018 | ||